Central Library OPAC University of Rajshahi

The art of negotiation: roles, games, logic / (Record no. 2646)

MARC details
000 -LEADER
fixed length control field 00737cam a2200253 4500
001 - CONTROL NUMBER
control field 2646
003 - CONTROL NUMBER IDENTIFIER
rucl marc code BD-RjUL
005 - DATE AND TIME OF LATEST TRANSACTION
control field 20211208233608.0
008 - FIXED-LENGTH DATA ELEMENTS--GENERAL INFORMATION
fixed length control field 131212s1972 mau 00| 0 eng d
020 ## - INTERNATIONAL STANDARD BOOK NUMBER
International Standard Book Number 0669613746
035 ## - SYSTEM CONTROL NUMBER
System control number (BD-RjUL)2673
040 ## - CATALOGING SOURCE
Original cataloging agency DLC
Transcribing agency DLC
Modifying agency DLC
Language of cataloging eng
041 ## - LANGUAGE CODE
Language code of text/sound track or separate title eng
082 00 - DEWEY DECIMAL CLASSIFICATION NUMBER
Classification number 331.89041371100973
Author mark and year ANA 1972
100 1# - MAIN ENTRY--PERSONAL NAME
Personal name Andree, Robert G.
9 (RLIN) 8542
245 14 - TITLE STATEMENT
Title The art of negotiation: roles, games, logic /
Statement of responsibility, etc. [by] Robert G. Andree.
260 ## - PUBLICATION, DISTRIBUTION, ETC. (IMPRINT)
Place of publication, distribution, etc. Lexington, Mass.,
Name of publisher, distributor, etc. Heath Lexington Books
Date of publication, distribution, etc. [1971]
300 ## - PHYSICAL DESCRIPTION
Pagination xi, 239 p.
Size 23 cm.
504 ## - BIBLIOGRAPHY, ETC. NOTE
Bibliography, etc Bibliography: p. 221-235.
650 #0 - SUBJECT ADDED ENTRY--TOPICAL TERM
Topical term or geographic name as entry element Collective bargaining
General subdivision Education.
9 (RLIN) 8543
942 ## - ADDED ENTRY ELEMENTS (KOHA)
Source of classification or shelving scheme Dewey Decimal Classification
Koha item type Books
Holdings
Lost status Source of classification or shelving scheme Damaged status Not for loan Collection code Permanent Location Current Location Shelving location Date acquired Source of acquisition Total Checkouts Full call number Date last seen Copy number Koha item type
  Dewey Decimal Classification   Not For Loan Non-fiction Central Library, University of Rajshahi Central Library, University of Rajshahi Reading Room 14/03/1977 Asia Foundation   331.89041371100973 ANA 1972 12/12/2013 C-1 Books